rusina - ostatnie dni przeklętych dni - Statystyki

Ogólne statystyki
  • Ten quiz został rozwiązany 26 razy
  • Średni wynik to 8 z 11
Statystyki odpowiedzi
ostatnie dni przeklętych dni % Poprawnych
setki dróg
93%
cartier
86%
myśli pułapki
86%
nowy $wag
86%
millie
79%
wygram albo umrę
79%
pora obudzić się
71%
trzeźwym być
71%
czy ty też
57%
następne dni - bonus track
57%
mocniej od was czuję
50%
Nie znaleziono quizów pasujących do podanych kryteriów
Rozkład punktacji
Procent ludzi z każdym wynikiem
Percentyl według liczby udzielonych odpowiedzi
Twoja historia wyników
Nie rozwiązałeś tego quizu